00173nam a2200073Ia 4500008004100000100002100041245002600062260001100088170523s9999 xx 000 0 und d aKelly- S. Graham 0amechanical Vibrations aT.M.H.